LEADER 04197nam 2200637 450 001 996466119803316 005 20211007174933.0 010 $a3-540-85303-0 024 7 $a10.1007/978-3-540-85303-9 035 $a(CKB)1000000000490411 035 $a(SSID)ssj0000355461 035 $a(PQKBManifestationID)11266143 035 $a(PQKBTitleCode)TC0000355461 035 $a(PQKBWorkID)10340744 035 $a(PQKB)11577639 035 $a(DE-He213)978-3-540-85303-9 035 $a(MiAaPQ)EBC3063100 035 $a(MiAaPQ)EBC6511629 035 $a(Au-PeEL)EBL6511629 035 $a(OCoLC)288472454 035 $a(PPN)128126094 035 $a(EXLCZ)991000000000490411 100 $a20211007d2008 uy 0 101 0 $aeng 135 $aurnn|008mamaa 181 $ctxt 182 $cc 183 $acr 200 00$aComputational forensics $esecond international workshop, IWCF 2008, Washington, DC, USA, August 7-8, 2008 ; proceedings /$fSargur N. Srihari and Katrin Franke (eds) 205 $a1st ed. 2008. 210 1$aBerlin, Germany ;$aNew York, New York :$cSpringer,$d[2008] 210 4$d©2008 215 $a1 online resource (IX, 229 p.) 225 1 $aImage Processing, Computer Vision, Pattern Recognition, and Graphics ;$v5158 300 $aIncludes index. 311 $a3-540-85302-2 320 $aIncludes bibliographical references and index. 327 $aTrends and Challenges -- Computational Forensics: An Overview -- Computational Methods for Determining Individuality -- Scanner, Printer, and Prints -- Survey of Scanner and Printer Forensics at Purdue University -- Evaluation of Graylevel-Features for Printing Technique Classification in High-Throughput Document Management Systems -- Document Signature Using Intrinsic Features for Counterfeit Detection -- Human Identification -- Automatic Feature Extraction from 3D Range Images of Skulls -- 3D Processing and Visualization of Scanned Forensic Data -- Person Identification Based on Barefoot 3D Sole Shape -- Shoeprints -- Computerized Matching of Shoeprints Based on Sole Pattern -- Shoe-Print Extraction from Latent Images Using CRF -- Linguistics -- Finding Identity Group ?Fingerprints? in Documents -- Supporting Law Enforcement in Digital Communities through Natural Language Analysis -- An Intelligent System for Semantic Information Retrieval Information from Textual Web Documents -- Decision Making and Search -- Support of Interviewing Techniques in Physical Access Control Systems -- Application of q-Gram Distance in Digital Forensic Search -- Speech Analysis -- Similarity Visualization for the Grouping of Forensic Speech Recordings -- Handwritten Signature and Speech: Preliminary Experiments on Multiple Source and Classifiers for Personal Identity Verification -- Signatures and Handwriting -- Signature Verification Using a Bayesian Approach -- Stroke-Morphology Analysis Using Super-Imposed Writing Movements -- Invariants Discretization for Individuality Representation in Handwritten Authorship. 330 $aThis book constitutes the refereed proceedings of the Second International Workshop, IWCF 2008, held in Washington, DC, USA, August 2008. The 19 revised full papers presented were carefully reviewed and selected from 39 submissions. The papers are organized in topical sections on trends and challenges; scanner, printer, and prints; human identification; shoeprints; linguistics;decision making and search; speech analysis; signatures and handwriting. 410 0$aImage Processing, Computer Vision, Pattern Recognition, and Graphics ;$v5158 606 $aForensic sciences$xData processing$vCongresses 606 $aEvidence, Criminal$vCongresses 606 $aCriminal investigation$xData processing$vCongresses 615 0$aForensic sciences$xData processing 615 0$aEvidence, Criminal 615 0$aCriminal investigation$xData processing 676 $a570.15195 702 $aSrihari$b Sargur N.$f1950- 702 $aFranke$b Katrin 801 0$bMiAaPQ 801 1$bMiAaPQ 801 2$bMiAaPQ 906 $aBOOK 912 $a996466119803316 996 $aComputational Forensics$9774241 997 $aUNISA LEADER 01727aam 2200445I 450 001 9910711168103321 005 20160525040643.0 024 8 $aGOVPUB-C13-ff129330cf3243a35f985e122f74eb3d 035 $a(CKB)5470000002480328 035 $a(OCoLC)950543975 035 $a(EXLCZ)995470000002480328 100 $a20160525d2016 ua 0 101 0 $aeng 181 $2rdacontent 182 $2rdamedia 183 $2rdacarrier 200 10$aMethod for measuring the volume of nominally 100 ?m diameter spherical water-in-oil emulsion droplets /$fJohn A. Dagata, Natalia Farkas, John A. Kramar 210 1$aGaithersburg, MD :$cU.S. Dept. of Commerce, National Institute of Standards and Technology,$d2016. 215 $a1 online resource (30 pages) $cillustrations (chiefly color) 225 1 $aNIST special publication ;$v260-184 300 $aContributed record: Metadata reviewed, not verified. Some fields updated by batch processes. 300 $aFebruary 2016. 300 $aTitle from PDF title page (viewed February 29, 2016). 320 $aIncludes bibliographical references. 606 $aMicroscopy 606 $aVolume (Cubic content) 615 0$aMicroscopy. 615 0$aVolume (Cubic content) 700 $aDagata$b John A$01389048 701 $aDagata$b John A$01389048 701 $aFarkas$b Natalia$01389050 701 $aKramar$b John A$g(John Adam)$01389055 712 02$aNational Institute of Standards and Technology (U.S.) 801 0$bNBS 801 1$bNBS 801 2$bGPO 906 $aBOOK 912 $a9910711168103321 996 $aMethod for measuring the volume of nominally 100 ?m diameter spherical water-in-oil emulsion droplets$93440168 997 $aUNINA LEADER 02287nam 22004573a 450 001 9910265946103321 005 20250513221633.0 010 $a9783205208563 010 $a3205208560 035 $a(CKB)4100000003273625 035 $a(ScCtBLL)c43555ce-d9f6-4dad-bba8-950ecea00fa9 035 $a(oapen)https://directory.doabooks.org/handle/20.500.12854/27392 035 $a(ScCtBLL)7eacd9c8-265e-48a5-acfe-57bf5b02b15f 035 $a(OCoLC)1038393861 035 $a(Perlego)2328361 035 $a(EXLCZ)994100000003273625 100 $a20211214i20182019 uu 101 0 $ager 135 $auru|||||||||| 181 $ctxt$2rdacontent 182 $cc$2rdamedia 183 $acr$2rdacarrier 200 04$aDie Transformation des Wiener Stadtbildes um 1700 $eDie Vogelschau des Bernhard Georg Andermüller von 1703 und der Stadtplan des Michel Herstal de la Tache von 1695/97 /$fFerdinand Opll, Martin Scheutz 210 $cBöhlau$d2018 210 1$a[s.l.] :$cBo?hlau,$d2018. 215 $a1 online resource (1 p.) 311 08$a9783205205371 311 08$a3205205375 330 $aDer Dessauer Gesandte Bernhard Georg Andermu?ller (1644-1717) zeichnete wa?hrend seines vierja?hrigen Wienaufenthalts eine faszinierende Karte des fru?hneuzeitlichen Wien, vermutlich im Auftrag seiner Anhalter Dienstgebers. Minutio?s verzeichnete der Gesandte darin im Sinne eines Selbstzeugnisses eines Diplomaten Wohnorte und Entscheidungszentren der Residenz Wien im ausklingenden Zeitalter Leopolds I. Neben dieser Vogelschau verdeutlicht der Plan von Michel Herstal de la Tache aus dem Jahr 1695/97 ebenfalls den sich abzeichnenden Transformationsprozess der Stadt, von einer bu?rgerlichen Stadt hin zu einer Residenz und Adelsstadt nach der zweiten Belagerung der Stadt durch die Osmanen: die Festung Wien, die Neuformierung der katholischen Welt und der Adel finden darin deutlichen Niederschlag. 606 $aHistory / Europe$2bisacsh 606 $aHistory 615 7$aHistory / Europe 615 0$aHistory. 700 $aOpll$b Ferdinand$0550659 702 $aScheutz$b Martin 801 0$bScCtBLL 801 1$bScCtBLL 906 $aBOOK 912 $a9910265946103321 996 $aDie Transformation des Wiener Stadtbildes um 1700$92566034 997 $aUNINA